Rodová rovnosť a miléniové ciele OSN bakalárska práca

Guardado en:
Detalles Bibliográficos
Autor principal: Kubeková, Veronika
Autor Corporativo: Fakulta medzinárodných vzťahov EU. Katedra medzinárodných ekonomických vzťahov a hospodárskej diplomacie
Otros Autores: Hlavová, Natália, 1991-
Formato: Libro
Lenguaje:eslovaco
Publicado: Bratislava 2015
Etiquetas: Agregar Etiqueta
Sin Etiquetas, Sea el primero en etiquetar este registro!

MARC

LEADER 00000nbm a2200000 4500
001 0202629
005 20161212100213.9
041 0 |a slo 
044 |a SK 
245 1 0 |a Rodová rovnosť a miléniové ciele OSN  |b bakalárska práca  |c Veronika Kubeková ; školiteľ: Natália Hlavová 
264 1 |a Bratislava  |c 2015 
300 |a 64 s. 
100 1 |a Kubeková, Veronika 
700 1 |a Hlavová, Natália, 1991- 
710 2 |a Fakulta medzinárodných vzťahov EU. Katedra medzinárodných ekonomických vzťahov a hospodárskej diplomacie